| 000 | 00619nam a2200217 a 4500 | ||
|---|---|---|---|
| 001 | 52435 | ||
| 003 | BD-RjUL | ||
| 005 | 20211209075815.0 | ||
| 008 | 160920s1953 enka 001 0 eng d | ||
| 035 | _a(BD-RjUL)52555 | ||
| 040 |
_aBD-RjUL _beng _cBD-RjUL _dBD-RjUL |
||
| 041 | _aeng | ||
| 082 |
_223 _a521 _bSMC 1953 |
||
| 100 | 1 |
_aSmart, W. M. _q(William Marshall), _d1889-1975 _9155634 |
|
| 245 | 1 | 0 |
_aCelestial mechanics / _cby W.M. Smart |
| 260 |
_aLondon : _bLongmans, _c1953. |
||
| 300 |
_avii, 381 p. : _bill. ; _c26 cm. |
||
| 500 | _aIncludes index. | ||
| 650 | 0 |
_aCelestial mechanics. _9153206 |
|
| 942 |
_2ddc _cBK |
||
| 999 |
_c52435 _d52435 |
||